5+5 riešených súvislých príkladov z jednoduchého a podvojného účtovníctva (pre školu i prax)

Gespeichert in:
Bibliographische Detailangaben
1. Verfasser: Spitzová, Amália
Format: Buch
Sprache:Slowakisch
Veröffentlicht: Bratislava Petrus 1999
Schlagworte:
Tags: Tag hinzufügen
Keine Tags, Fügen Sie das erste Tag hinzu!

MARC

LEADER 00000nam a2200000 4500
001 0292499
005 20240416113609.2
020 |a 80-88939-08-9 
041 0 |a slo 
044 |a SK 
245 1 0 |a 5+5 riešených súvislých príkladov z jednoduchého a podvojného účtovníctva (pre školu i prax)  |c Amália Spitzová 
264 1 |a Bratislava  |b Petrus  |c 1999 
300 |a 228 s. 
610 2 0 |a účtovníctvo jednoduché 
610 2 0 |a účtovníctvo podvojné 
610 2 0 |a prípady účtovné 
610 2 0 |a účtovanie 
610 2 0 |a operácie účtovné 
610 2 0 |a zápisy účtovné podvojné 
100 1 |a Spitzová, Amália